| Registos Bibliográficos associados ao registo de autoridade |
|
Etiqueta de registo: 00230nam 2200025 450 001 1748874 003 http://id.bnportugal.gov.pt/bib/catbnp/1748874 100 ## $a20100616d2008 k y0pory0103 ba 101 0# $apor$deng 102 ## $aPT 105 ## $aa m 001yy 106 ## $ar 200 1# $aModelação estrutural de pavimentos rodoviários$e o uso do método dos elementos de fronteira$fArminda Maria Marques Almeida 210 #9 $aCoimbra$c[s.n.],$d2008 215 ## $aXXIV, 156 p.$cil.$d30 cm$ecurriculum vitae (4 f.) 215 ## $a1 disco óptico (CD-ROM) em caixa$cil.$d13 x 14 x 1 cm 305 ## $aEd. impressa e em CD-ROM 320 ## $aContém bibliografia 328 #1 $aTese mestr., Engenharia Civil (Engenharia Rodoviária), Dep. de Engenharia Civil, Fac.
de Ciências e Tecnologia, Univ. de Coimbra, 2008 675 ## $a625(043)$vBN$zpor$31400306 700 #1 $aAlmeida,$bArminda Maria Marques,$f1979-$31424521 801 #0 $aPT$bBN$gRPC 966 ## $lBN$mDEM$sS.A. 46318 P.$x1 966 ## $lBN$mDEM$sS.A. 46318 P.-D$x1 966 ## $lBN$mFGMON$sS.A. 132754 V.$x1
Etiqueta de registo: 00000nam 2200025 450 001 1908160 003 http://id.bnportugal.gov.pt/bib/catbnp/1908160 100 ## $a20150820d2014 k y0pory01030103ba 101 0# $aeng$dpor 102 ## $aPT 105 ## $aa m 001yy 106 ## $ar 200 1# $a A methodological framework for pavement damage estimation considering simulated
axle load spectra$fArminda Maria Marques Almeida$gorient. Luís Guilherme de Picado Santos 210 #9 $aCoimbra$c[s.n.],$d2014 215 ## $aXXX, 201 p.$cil.$d30 cm 320 ## $aContém bibliografia 328 #1 $aTese dout. Civil Engineering (Urbanism Transports and Transportation Infrastructures),
Fac. de Ciências e Tecnologia, Univ. de Coimbra, 2014 675 ## $a625.03(043)$vBN$zpor$31289402 700 #1 $aAlmeida,$bArminda Maria Marques,$f1979-$31424521 702 #1 $aSantos,$bLuís Guilherme de Picado$4727$31485881 801 #0 $aPT$bBN$gRPC 966 ## $lBN$mFGMON$sS.A. 159083 V.$x1
Etiqueta de registo: 00254nam 2200025 450 001 2280837 003 http://id.bnportugal.gov.pt/bib/catbnp/2280837 100 ## $a20260317d2025 k y0pory01030103ba 101 0# $aeng$dpor 102 ## $aPT 105 ## $aa m 000yy 106 ## $ar 200 1# $aRecycling of plastic waste by incorporation into road pavements$fJosué Matos Paes Cardoso$gsupervised by Adelino Jorge Lopes Ferreira, Arminda Maria Marques Almeida, João Miguel
Oliveira dos Santos 210 #9 $aCoimbra$c[s.n.],$d2025 215 ## $aXXVIII, 177 p.$cil.$d29 cm 328 #1 $aTese dout. Transport Systems, Faculty of Sciences and Technology of the University
of Coimbra, 2025 675 ## $a625.85(043)$vBN$zpor$31296382 675 ## $a620.28(043)$vBN$zpor$31501993 675 ## $a678.5(043)$vBN$zpor$3556630 700 #1 $aCardoso,$bJosué Matos Paes$31991753 702 #1 $aFerreira,$bAdelino Jorge$4727$31062416 702 #1 $aAlmeida,$bArminda Maria Marques,$f1979-$4727$31424521 702 #1 $aSantos,$bJoão Miguel Oliveira dos$4727$31656548 801 #0 $aPT$bBN$gRPC 966 ## $lBN$mFGMON$sS.A. 193431 V.$x1 971 ## $cisantos$d20260317 972 ## $e0$z0$d20260410$vlrevez 973 ## $cigoulao$d20260401
|
|
|